There's a new world coming: (Record no. 6212)

000 -LEADER
fixed length control field 00927nam a2200229 a 4500
001 - CONTROL NUMBER
control field :::00003955$&:&@@
003 - CONTROL NUMBER IDENTIFIER
control field OkBaRHE
005 - DATE AND TIME OF LATEST TRANSACTION
control field 20000607103315.0
008 - FIXED-LENGTH DATA ELEMENTS--GENERAL INFORMATION
fixed length control field s1973 j 000 0 eng u
020 ## - INTERNATIONAL STANDARD BOOK NUMBER
International Standard Book Number 0884490009\0884490017 (pbk.)
040 ## - CATALOGING SOURCE
Transcribing agency
100 1# - MAIN ENTRY--PERSONAL NAME
Personal name Lindsey, Hal.
245 10 - TITLE STATEMENT
Title There's a new world coming:
Remainder of title "a prophetic odyssey."
260 ## - PUBLICATION, DISTRIBUTION, ETC. (IMPRINT)
Place of publication, distribution, etc Santa Ana, CA., :
Name of publisher, distributor, etc Vision House Publishers
Date of publication, distribution, etc c1973
300 ## - PHYSICAL DESCRIPTION
Extent 308 p. ;
Dimensions 21 cm.
650 ## - SUBJECT ADDED ENTRY--TOPICAL TERM
Topical term or geographic name as entry element Bible New Testament Revelation
General subdivision Commentaries
653 ## - INDEX TERM--UNCONTROLLED
Uncontrolled term Bible. New Testament. Revelation. English. Authorized. 1973.
942 ## - ADDED ENTRY ELEMENTS (KOHA)
Source of classification or shelving scheme
Koha item type Books
Copies
Date acquired Permanent Location Koha item type Shelving location Price effective from Damaged status Date last seen Full call number Lost status Withdrawn status Copy number Not for loan Barcode Source of classification or shelving scheme
2010-04-14RHEMA Bible Training CollegeBooksGeneral Stacks2010-04-14 2018-04-03BS 2825.3 .L55  1 3955 
2010-04-14RHEMA Bible Training CollegeBooksGeneral Stacks2010-04-14 2018-04-03BS 2825.3 .L55  2 15896 
2010-04-14RHEMA Bible Training CollegeBooksGeneral Stacks2010-04-14 2018-04-03BS 2825.3 .L55  3 20635